Manual de derecho procesal penal: doctrina, legislación y jurisprudencia

Saved in:
Bibliografiske detaljer
Hovedforfatter: Levene, Ricardo (autor)
Format: Bog
Sprog:spansk
Udgivet: Buenos Aires, Argentina Omeba 1967
Udgivelse:2a. ed
Fag:
Tags: Tilføj Tag
Ingen Tags, Vær først til at tagge denne postø!

MARC

LEADER 00000nam a2200000 a 4500
001 UCS1072
003 CL-VaPUC
005 20230307074550.0
008 970509e19670000AG |||||||||||||||||spa|d
999 |c 259180  |d 259178 
040 |c Pontificia Universidad Católica de Valparaíso 
082 0 4 |a 345.05 LEV 1967  |2 21 
100 0 |a Levene, Ricardo  |e autor  |9 385117 
245 1 0 |a Manual de derecho procesal penal: doctrina, legislación y jurisprudencia 
250 |a 2a. ed 
260 0 3 |a Buenos Aires, Argentina  |b Omeba  |c 1967 
300 |a 459 páginas 
583 |a last modification  |c 19970509 00:00:00  |k Rodrigo Vera 
650 0 |a Derecho procesal penal   |9 256392 
650 7 |a DERECHO PENAL  |2 CL-VaPUC  |9 11 
650 0 |a Procedimiento penal  |9 254974 
650 0 |a Derecho comparado  |9 255664 
650 7 |a LEGISLACION  |2 CL-VaPUC  |9 385118 
650 0 |a Código civil  |9 256135 
650 0 |a Acción penal  |9 254970 
650 0 |a Acción civil  |9 384857 
650 0 |a Jurisprudencia  |9 255952 
650 0 |a Delitos  |9 224143 
650 0 |a Prueba  |9 256247 
650 0 |a Recurso de apelación  |9 380716 
650 7 |a RECURSO DE RECTIFICACION  |2 CL-VaPUC  |9 385107 
650 7 |a RECURSO DE ACLARACION  |2 CL-VaPUC  |9 385106 
650 7 |a RECURSO DE QUEJA  |2 CL-VaPUC  |9 371878 
650 7 |a RECURSO DE REVISION  |2 CL-VaPUC  |9 384977 
650 7 |a RECURSO DE ILEGALIDAD  |2 CL-VaPUC  |9 385119 
650 0 |a Poder judicial  |9 254871 
942 |c BK  |2 ddc 
945 |d 19970509 00:00:00  |a cmena 
952 |0 0  |1 0  |2 ddc  |4 0  |6 345_050000000000000_LEV_1967  |7 0  |8 A  |9 283786  |a BIBDER  |b BIBDER  |d 2019-11-19  |i 1842536  |o 345.05 LEV 1967  |p 1842536  |r 2023-01-25  |t 1  |w 2019-11-19  |y BK  |k DER